|
|
|
|
| LEADER |
00000nab a2200000 a 4500 |
| 001 |
vtls000819335 |
| 003 |
SK-MaSNL |
| 005 |
20260304111451.0 |
| 008 |
250429c2002 xo 0 slo |
| 015 |
|
|
|a SNBRB2002/12-41288
|
| 035 |
|
|
|a CLN000170990
|
| 035 |
|
|
|a urn:nbn:sk:snk-abf73s
|
| 035 |
|
|
|a urn:nbn:sk:snk:ar-0018rm
|
| 035 |
|
|
|a 58ac0894-7177-42e7-8e1e-1dffa13c08cb
|
| 040 |
|
|
|a SNKBUCL
|b slo
|c SNKBUCL
|e AACR2
|
| 041 |
0 |
|
|a slo
|
| 044 |
|
|
|a xo
|c SK
|
| 080 |
|
|
|a 62-75/-78:061.5
|2 1997
|
| 080 |
|
|
|a 654.9
|2 1997
|
| 080 |
|
|
|a 621.316.5
|2 1997
|
| 245 |
0 |
0 |
|a Bezpečnostné prvky spoločnosti Rockwell Automation
|
| 300 |
|
|
|b Obr.
|
| 610 |
|
7 |
|a Rockwell Automation
|x prvky bezpečnostné
|2 snkbucl
|9 1411797
|
| 650 |
0 |
7 |
|a obvody bezpečnostné
|2 snkbucl
|9 1411798
|
| 650 |
0 |
7 |
|a spínače
|2 snkbucl
|9 24331
|
| 650 |
0 |
7 |
|a bezpečnosť technická
|2 snkbucl
|9 1114691
|
| 655 |
|
7 |
|a články z novín a časopisov
|2 snkbucl
|9 267496
|
| 773 |
0 |
|
|t AT&P journal
|g Roč. 9, č. 9 (2002), s. 56-57
|x 1335-2237
|
| 850 |
|
|
|a Slovenská národná knižnica
|
| 852 |
|
|
|a Slovenská národná knižnica
|
| 954 |
|
|
|a odborná, vedecká literatúra pôvodná (slovenská)
|2 lita
|
| 958 |
|
|
|a article23
|
| 958 |
|
|
|a OND
|
| 958 |
|
|
|a EUIPO
|
| 992 |
|
|
|a RBX
|
| 999 |
|
|
|c 2862513
|d 2864443
|